=LDR 00000nam 2200000 4500 =001 INLIS000000000013032 =005 20130612104505 =008 ***********************************Ind** =035 ##$$0010-061300000013032 =041 ##$$a Ind =082 ##$$a 338.9 =090 ##$$a 338.9, Tin r =100 ##$$a Tinbergen, Jan =245 ##$$a Rencana Pembangunan nasional, Jan Tin Bergen =260 ##$$a 2067 $b Jakarta =300 ##$$a 378 hlm, 21 cm =650 ##$$a Rencana pembangunan nasional - Undang-undang dan peraturan =850 ##$$a NBPNMAT